[Event "GER-chT Betriebe 15th"]
[Site "Munich"]
[Date "2015.10.24"]
[Round "5.2"]
[White "Bumes, Konrad"]
[Black "Tokarev, Igor Viktorovich"]
[Result "0-1"]
[WhiteElo "2022"]
[BlackElo "1988"]
[PlyCount "146"]
[EventDate "2015.10.22"]
[EventType "team-swiss"]
[EventRounds "7"]
[EventCountry "GER"]
[SourceTitle "EXT 2020"]
[Source "ChessBase"]
[SourceDate "2019.10.17"]
[SourceVersion "1"]
[SourceVersionDate "2019.10.17"]
[SourceQuality "1"]
[WhiteTeam "Muenchen EPA III"]
[BlackTeam "Augsburg Osram II"]
[WhiteTeamCountry "GER"]
[BlackTeamCountry "GER"]

1. d4 Nf6 2. c4 e6 3. Nc3 Bb4 4. Qc2 d5 5. e3 0-0 6. Nf3 b6 7. cxd5 exd5 8. Bd3 Bb7 9. 0-0 a6 10. Ne5 Nbd7 11. Bf5 g6 12. Nxd7 Nxd7 13. Bd3 Qe7 14. a3 Bd6 15. e4 dxe4 16. Nxe4 Nf6 17. Nxf6+ Qxf6 18. Be3 Rfe8 19. Rae1 Qh4 20. g3 Qh3 21. f3 Qd7 22. Be4 Rab8 23. Bxb7 Rxb7 24. Bf2 Rbb8 25. Re2 Qb5 26. Rfe1 Rxe2 27. Qxe2 Qxe2 28. Rxe2 Kf8 29. Be3 f6 30. Bd2 Kf7 31. Kf2 Rd8 32. Bc3 Bf8 33. g4 Rd5 34. h3 Bd6 35. Rc2 Ke6 36. Re2+ Kd7 37. Ke3 Bf8 38. Ke4 c6 39. Kd3 Bd6 40. Re4 a5 41. a4 Bc7 42. Kc4 Bd6 43. b4 axb4 44. Bxb4 Bxb4 45. Kxb4 f5 46. Rf4 Ke6 47. g5 h5 48. Kc4 Kd6 49. Kc3 Kc7 50. Kb3 Kb7 51. Ka3 Ka6 52. Kb4 Kb7 53. Ka3 Ka6 54. Kb4 Kb7 55. Kc4 Kc7 56. Kc3 Kd6 57. Kc4 Ra5 58. Kb4 Kd5 59. Kb3 Ra8 60. Kb4 Re8 61. a5 bxa5+ 62. Kxa5 Rb8 63. Ka4 Rb1 64. Ka5 Rb2 65. Ka4 Rc2 66. Ka5 Rc4 67. Kb6 Rxd4 68. Rxd4+ Kxd4 69. Kxc6 Ke3 70. Kd6 Kxf3 71. Ke6 Kg3 72. Kf6 f4 73. Kxg6 f3 0-1

[Event "GER-chT Betriebe 15th"]
[Site "Munich"]
[Date "2015.10.23"]
[Round "4.1"]
[White "Tokarev, Igor Viktorovich"]
[Black "Segerberg, Tomas Olof"]
[Result "0-1"]
[WhiteElo "1988"]
[BlackElo "2069"]
[PlyCount "69"]
[EventDate "2015.10.22"]
[EventType "team-swiss"]
[EventRounds "7"]
[EventCountry "GER"]
[SourceTitle "EXT 2020"]
[Source "ChessBase"]
[SourceDate "2019.10.17"]
[SourceVersion "1"]
[SourceVersionDate "2019.10.17"]
[SourceQuality "1"]
[WhiteTeam "Augsburg Osram II"]
[BlackTeam "Muenchen EPA II"]
[WhiteTeamCountry "GER"]
[BlackTeamCountry "GER"]

1. c4 e5 2. Nc3 Nf6 3. g3 d5 4. cxd5 Nxd5 5. Bg2 Ne7 6. Nf3 Nbc6 7. 0-0 g6 8. d3 Bg7 9. Bd2 0-0 10. Rc1 h6 11. Ne4 Kh7 12. Nc5 b6 13. Ne4 Be6 14. Nfg5+ Kh8 15. Nxe6 fxe6 16. b4 Rb8 17. Qa4 Nd4 18. Rfe1 Nd5 19. b5 Qd7 20. Rb1 a5 21. Qc4 Rf7 22. Bc3 Rbf8 23. Bh3 Nc2 24. Bxe5 Nxe1 25. Bxg7+ Rxg7 26. Rxe1 g5 27. a4 g4 28. Bg2 Nf6 29. Nxf6 Rxf6 30. Rc1 Qf7 31. Qd4 h5 32. Rc6 Qe7 33. Be4 h4 34. Qe5 Rh6 35. Bf5 0-1

[Event "GER-chT Betriebe 14th"]
[Site "Dresden"]
[Date "2014.11.22"]
[Round "5.2"]
[White "Brethauer, Tim"]
[Black "Tokarev, Igor Viktorovich"]
[Result "0-1"]
[WhiteElo "1641"]
[BlackElo "2001"]
[PlyCount "60"]
[EventDate "2014.11.20"]
[EventType "team-swiss"]
[EventRounds "7"]
[EventCountry "GER"]
[SourceTitle "EXT 2020"]
[Source "ChessBase"]
[SourceDate "2019.10.17"]
[SourceVersion "1"]
[SourceVersionDate "2019.10.17"]
[SourceQuality "1"]
[WhiteTeam "Stuttgart Sparkassen-Vers II"]
[BlackTeam "Augsburg Osram"]
[WhiteTeamCountry "GER"]
[BlackTeamCountry "GER"]

1. e4 e5 2. Nf3 Nc6 3. Bb5 a6 4. Bxc6 dxc6 5. 0-0 f6 6. c3 Bd6 7. d4 Qe7 8. dxe5 fxe5 9. Bg5 Nf6 10. Nbd2 Be6 11. Re1 0-0 12. Nf1 h6 13. Bh4 Qf7 14. b3 Nh5 15. Bg3 Nf4 16. Bxf4 Qxf4 17. Qd2 Qf7 18. Ng3 Kh7 19. Re2 a5 20. Rb1 g6 21. Re3 a4 22. bxa4 b6 23. Nh1 Rxa4 24. Nh4 Rxa2 25. Qe1 Qe7 26. Nxg6 Kxg6 27. Rg3+ Kh7 28. Qd1 Bc5 29. Qe1 Bc4 30. Rd1 Re2 0-1

[Event "GER-chT Betriebe 14th"]
[Site "Dresden"]
[Date "2014.11.21"]
[Round "3.2"]
[White "Hoffeins, Hans Werner"]
[Black "Tokarev, Igor Viktorovich"]
[Result "0-1"]
[WhiteElo "1791"]
[BlackElo "2001"]
[PlyCount "44"]
[EventDate "2014.11.20"]
[EventType "team-swiss"]
[EventRounds "7"]
[EventCountry "GER"]
[SourceTitle "EXT 2020"]
[Source "ChessBase"]
[SourceDate "2019.10.17"]
[SourceVersion "1"]
[SourceVersionDate "2019.10.17"]
[SourceQuality "1"]
[WhiteTeam "Hamburg Baubehoerde II"]
[BlackTeam "Augsburg Osram"]
[WhiteTeamCountry "GER"]
[BlackTeamCountry "GER"]

1. e4 e5 2. Nf3 Nc6 3. d3 Nf6 4. Be2 g6 5. 0-0 Bg7 6. c3 0-0 7. Nbd2 d6 8. Re1 Nh5 9. Nf1 Nf4 10. Ne3 Nxe2+ 11. Qxe2 f5 12. exf5 gxf5 13. Nc2 f4 14. Rd1 Bg4 15. Nce1 Qe7 16. b4 Rae8 17. b5 Nd8 18. a4 Kh8 19. Ba3 Bf6 20. Rdc1 Qg7 21. Qf1 Rg8 22. Kh1 d5 0-1

[Event "Neckar op-B 9th"]
[Site "Deizisau"]
[Date "2005.03.26"]
[Round "4"]
[White "Tokarev, Igor Viktorovich"]
[Black "Schmidt, Raul"]
[Result "0-1"]
[WhiteElo "1976"]
[BlackElo "1986"]
[PlyCount "72"]
[EventDate "2005.03.24"]
[EventType "swiss"]
[EventRounds "7"]
[EventCountry "GER"]
[SourceTitle "EXT 2006"]
[Source "ChessBase"]
[SourceDate "2005.11.24"]
[SourceVersion "1"]
[SourceVersionDate "2005.11.24"]
[SourceQuality "1"]

1. d4 Nf6 2. Nf3 g6 3. c4 Bg7 4. Nc3 0-0 5. e4 d6 6. Be2 c6 7. 0-0 Nbd7 8. Bg5 h6 9. Bh4 g5 10. Bg3 Nh5 11. Qd2 Nxg3 12. hxg3 a6 13. Rac1 e5 14. d5 c5 15. Ne1 Qe7 16. Nc2 Nf6 17. a3 Bd7 18. b4 Rfc8 19. b5 Nh7 20. a4 f5 21. exf5 e4 22. Ne3 axb5 23. cxb5 Bd4 24. g4 Nf6 25. g3 Kg7 26. Kg2 Be8 27. Rh1 Bf7 28. Rh2 Rh8 29. Rch1 Qe5 30. Rc1 Nxd5 31. Ncxd5 Bxd5 32. Nxd5 Qxd5 33. Bc4 Qe5 34. Rxh6 Rxh6 35. Qxg5+ Kh7 36. Bf7 Qg7 0-1